00607nam a2200157 a 450000500170000000800410001702000180005805000260007610000160010224500980011826000640021630000100028065000160029099900190030695201240032520140412111308.0010328s19uu xx 00 eng d a0-590-96392-9 aTR(GS 398.2bG67 1997 aGordh, Bill a15 easy folktale finger plays, grades K-1 :bwith cross-cultural activities /cby Bill Gordh. aJefferson City, MO :bScholastic Professional Books,c1997. a80 p. aFingerplays c103840d103840 001040aELbELcTRd2001-03-28eLib. Fundg675.00l0oTR(GS 398.2 G67 1997pE5989r2014-04-12 00:00:00w2014-04-12yBK